| 000 | 01045nam a22003017a 4500 | ||
|---|---|---|---|
| 003 | EG-ScBUE | ||
| 005 | 20220623110523.0 | ||
| 008 | 110525s2008 enka f 000 0 eng d | ||
| 020 | _a9781405882750 | ||
| 040 |
_aEG-ScBUE _beng _erda _cEG-ScBUE _dEG-ScBUE |
||
| 082 | 0 | 4 |
_222 _a428.6 _bFIE |
| 100 | 1 |
_924084 _aFielding, Henry, _d1707-1754, _eauthor. |
|
| 245 | 1 | 0 |
_aTom Jones / _cHenry Fielding. |
| 264 | 1 |
_aHarlow, England : _bPearson Education Limited, _c2008. |
|
| 300 |
_aix, 96 pages : _billustrations ; _c20 cm. |
||
| 336 |
_2rdacontent _atext _btxt |
||
| 337 |
_2rdamedia _aunmediated _bn |
||
| 338 |
_2rdacarrier _avolume _bnc |
||
| 490 | 0 |
_aPenguin readers ; _vlevel 6 |
|
| 521 | _aC1: Advanced | ||
| 650 | 7 |
_aReaders for new literates. _2BUEsh |
|
| 650 | 7 |
_aHigh interest-low vocabulary books. _2BUEsh |
|
| 651 | 7 |
_924086 _aEngland _xSocial life and customs _y18th century _vFiction. _2BUEsh |
|
| 653 |
_cMay2011 _bHHUUEENN |
||
| 655 |
_vReading book _934232 |
||
| 700 | 1 |
_924085 _aMcAlpin, Janet, _econtributor. |
|
| 942 |
_2ddc _cBB |
||
| 999 |
_c15387 _d15387 |
||